00241nam a2200085Ia 4500008004100000082001300041100002000054245006100074300002000135230907s9999||||xx |||||||||||||| ||und|| a6.3bCOM aZobaa, Ahmed F. 0aComputational intelligence applications in smart grids : axv, 245 pages :